00694 a2200205 4500010001400000020002600014035001300040037001600053082001200069090001500081100002100096245004800117260003900165270005800204300002700262500002000289942002700309999001500336952013700351 aENG-88898 c500.00a9788189239404 aEN-72431 bDBAD / PUB14a070.409 c9639d96391 aWadhwa, Priyanka1 aHistory of journalism /cby Priyanka Wadhwa aNew DelhibMurari Lal & Sonsc2007 a4378/4B, Ansari Road, Darya Ganj,bNew Delhie110 002 av, 248p. :c22cm (Hb) aIncludes index adplcENk070.409 / WAD c9464d9464 00102ddc40718NFICaDBADbDBADeDBAD/PUBg500.00l0o070.409 WADpEN-72431r2008-09-15 00:00:00t1u10448v500.00w2008-09-15yEN